000 nam a22 7a 4500
999 _c9234
_d9234
008 180124b ||||| |||| 00| 0 eng d
100 _95493
_aMalhotra.a
245 _aINFORMATION TECHNOLOGY-XII
260 _aNEW DELHI
_bTREBD SETTER
_c2016